Statistics for Capitals with "City" in their names

Click here to take the quiz!

General Stats

  • This quiz has been taken 425 times
  • The average score is 4 of 5

Answer Stats

Capital% Correct
Mexico City
90%
Panama City
84%
Guatemala City
82%
Vatican City
73%
Kuwait City
71%

Score Distribution

Percentile by Number Answered

Percent of People with Each Score

Your Score History

You have not taken this quiz